Newsmap for the Armed Forces. Monday, 13 August, 1945, week of 31 July to 7 August / V-E day + 14 weeks, 191st week of U.S. participation in the war :

Bibliographic Details
Corporate Authors: United States. Army Service Forces. Army Information Branch (Cartographer), United States. Bureau of Naval Personnel. Education Services Section
Format: Government Document Map
Language:English
Published: Washington, D.C. : Army Service Force, 1945.
Subjects:

MARC

Tag First Indicator Second Indicator Subfields
LEADER 00000cem a2200000 a 4500
001 in00004779080
008 051031s1945 dcu a f 0 eng d
007 aj canzn
005 20240216153426.7
035 |a (OCoLC)ocm62189827 
040 |a EEX  |b eng  |c EEX  |d OCLCQ  |d OCLCF  |d OCLCO  |d OCLCQ  |d OCL  |d OCLCA  |d OCL  |d OCLCO  |d OCLCQ  |d OCLCL  |d TXA 
034 0 |a a  |d W0151700  |e E0471500  |f N0745500  |g S0153700  |2 bound 
034 0 |a a  |d E1050000  |e E1655800  |f N0745400  |g S0154000  |2 bound 
034 1 |a a  |b 342414  |d E1195300  |e E1220600  |f N0252500  |g N0214800  |2 bound 
035 |a (OCoLC)62189827 
043 |a ae-----  |a e------  |a a-ch--- 
050 4 |a G3201.S7 svar  |b .U5 v.4 no.17 
052 |a 3201 
052 |a 5700 
052 |a 7800 
052 |a 7910 
086 0 |a W 109.107:4/17 
110 1 |a United States.  |b Army Service Forces.  |b Army Information Branch,  |e cartographer. 
245 1 0 |a Newsmap for the Armed Forces.  |p V-E day + 14 weeks, 191st week of U.S. participation in the war :  |b Monday, 13 August, 1945, week of 31 July to 7 August /  |c prepared and distributed by Army Information Branch, Army Service Forces. 
246 3 0 |a V-E day + 14 weeks, 191st week of U.S. participation in the war :  |b Monday, 13 August, 1945, week of 31 July to 7 August 
255 |a Scale not given  |c (W 15°17ʹ00ʺ--E 47°15ʹ00ʺ/N 74°55ʹ00ʺ--S 15°37ʹ00ʺ) 
255 |a Scale not given  |c (E 105°00ʹ00ʺ--E 165°58ʹ00ʺ/N 74°54ʹ00ʺ--S 15°40ʹ00ʺ) 
255 |a Scale approximately 1:342,414  |c (E 119°53ʹ00ʺ--E 122°06ʹ00ʺ/N 25°25ʹ00ʺ--N 21°48ʹ00ʺ) 
264 1 |a Washington, D.C. :  |b Army Service Force,  |c 1945. 
264 2 |a [Washington D.C.] :  |b Navy distribution by Educational Services Section, BuPers, Navy Dept. 
300 |a 3 maps on 1 sheet :  |b color ;  |c on sheet 90 x 120 cm. 
336 |a cartographic image  |b cri  |2 rdacontent 
337 |a unmediated  |b n  |2 rdamedia 
338 |a sheet  |b nb  |2 rdacarrier 
500 |a Volume IV no. 17. 
500 |a Maps on recto: European boundaries as of January 1938 -- War news 7 Aug. [military activity in Japan and East Asia]. 
500 |a Featured text: Potsdam briefs. 
500 |a Inset map details administration of eastern Germany and East Prussia. 
500 |a Map on verso: Formosa / prepared in the R and A Branch, OSS. With location map. 
650 0 |a World War, 1939-1945  |x Campaigns  |v Maps. 
650 0 |a World War, 1939-1945  |x Campaigns  |z East Asia  |v Maps. 
651 0 |a Europe  |v Maps. 
651 0 |a Taiwan  |v Maps. 
650 0 |a War posters, American  |v Specimens. 
650 6 |a Affiches de guerre américaines. 
650 7 |a Military campaigns.  |2 fast  |0 (OCoLC)fst01710190 
650 7 |a War posters, American.  |2 fast  |0 (OCoLC)fst01170615 
651 7 |a Taiwan.  |2 fast  |0 (OCoLC)fst01207854 
647 7 |a World War  |d (1939-1945)  |2 fast  |0 (OCoLC)fst01180924  |1 https://id.oclc.org/worldcat/entity/E39Qhp4vBbhpRH9XvjbDFXtxhb 
648 7 |a 1939-1945  |2 fast 
655 7 |a Maps.  |2 fast  |0 (OCoLC)fst01423704 
655 7 |a Military maps.  |2 lcgft 
710 1 |a United States.  |b Bureau of Naval Personnel.  |b Education Services Section. 
994 |a Z0  |b TXA 
948 |h HELD BY TXA - 5 OTHER HOLDINGS 
999 f f |s 433f2586-120d-4409-a8c9-361875f43385  |i a86de29f-6941-4517-b522-1a1413de6992  |t 0 
952 f f |p noncirc  |a Texas A&M University  |b College Station  |c Cushing Memorial Library & Archives  |d Cushing: Ragan Military (Does not check out)  |t 0  |e G3201.S7 svar .U5 v.4 no.17 (1945:Aug.13)  |f Flat File  |h Library of Congress classification  |i unmediated -- sheet  |m A14853182504 
998 f f |a G3201.S7 svar .U5 v.4 no.17 (1945:Aug.13)  |t 0  |l Cushing: Ragan Military (Does not check out)